00384nam a2200121Ia 4500003000900000008004100009040003300050041000800083080002400091245009400115260003600209300001700245LK-CoDNM010623t1979 xxu||||| |||| 00| 1 eng d aLK-CoDNMdLK-CoDNMeLK-CoDNM aeng ax 3-055.2.711.3 NAT aNational Meeting on The Role,Contribution and Participation of Women in Rural Development bC.W.E.Printing Departmentc1979 b136p., 25 cm